| 000 | 00454nam a2200157 4500 | ||
|---|---|---|---|
| 001 | 132412 | ||
| 003 | ES-MaACL | ||
| 005 | 20230906194155.0 | ||
| 007 | t| | ||
| 008 | 070214s1982 sp r ||||1| spa d | ||
| 100 | 1 |
_aRomero Colunga, Manuel. _999365 |
|
| 245 | 1 | 3 |
_aLa valoración inmobiliaria / _cManuel Romero Colunga. |
| 260 |
_aPamplona : _b[s. n.], _c1982 ( _fTall. Aranzadi) |
||
| 300 |
_a154 p. ; _c21 cm. |
||
| 852 |
_aES-MaACL _jL-3136 _bR.104065 |
||
| 999 |
_c132412 _d132412 |
||